| 000 | 01304cad a22002295a 4500 | ||
|---|---|---|---|
| 001 | E154900 | ||
| 008 | 120131e20120131stk f s000 0 eng d | ||
| 020 | _a9781780455525 | ||
| 035 | _a(Sirsi) u154900 | ||
| 041 | 0 | _aeng | |
| 050 | 0 | 4 | _a711.52 $2 18 |
| 110 | 1 |
_aScotland _bScottish Government _95344 |
|
| 245 | 0 | 0 |
_aScottish vacant and derelict land survey 2011 _h[electronic resource] |
| 260 |
_aEdinburgh _bScottish Government _c2012 |
||
| 520 | _aPresents a summary of results from the 2012 Scottish Vacant and Derelict Land Survey (SVDLS), the 20th in the series. It is the only national data source for vacant and derelict land in Scotland. It highlights that there were 10 809 hectares of derelict and urban vacant land of which 23% were urban vacant and 77% were derelict. Since 2005, there has been an increase in the total amount of derelict and urban vacant (from 10 528 hectares in 2005 to 10 809 hectares in 2011). An average of 488 hectares of derelict and urban vacant land was brought back into use each year since 2005. | ||
| 521 | _aIntroductory | ||
| 590 | _aKA | ||
| 651 | 4 |
_aScotland _y1999- |
|
| 690 |
_aLand use _96251 |
||
| 856 | 4 | 0 |
_uhttps://www.scotland.gov.uk/Publications/2012/01/9982 _zView the statistical bulletin free of charge at www.scotland.gov.uk... |
| 942 | _n0 | ||
| 999 |
_c113223 _d113223 |
||